INFORM, information for historic building owners (Record no. 112981)

MARC details
000 -LEADER
fixed length control field 01020cad a22002295a 4500
001 - CONTROL NUMBER
control field E154416
008 - FIXED-LENGTH DATA ELEMENTS--GENERAL INFORMATION
fixed length control field 111129s2011 xxk f 000 0 eng d
035 ## - SYSTEM CONTROL NUMBER
System control number (Sirsi) u154416
041 0# - LANGUAGE CODE
Language code of text/sound track or separate title eng
050 04 - LIBRARY OF CONGRESS CALL NUMBER
Classification number 690.241 $2 18
110 2# - MAIN ENTRY--CORPORATE NAME
Corporate name or jurisdiction name as entry element Historic Scotland
9 (RLIN) 2914
245 00 - TITLE STATEMENT
Title INFORM, information for historic building owners
Remainder of title improving energy efficiency in traditional buildings
Medium [electronic resource]
260 ## - PUBLICATION, DISTRIBUTION, ETC.
Place of publication, distribution, etc. Edinburgh
Name of publisher, distributor, etc. Historic Scotland
Date of publication, distribution, etc. 2008
490 #0 - SERIES STATEMENT
Series statement Inform
520 ## - SUMMARY, ETC.
Summary, etc. Looks at the issues involved in in improving the energy efficiency of traditional buildings, and offers guidance as to how the thermal performance of such structures can be improved.
521 ## - TARGET AUDIENCE NOTE
Target audience note Introductory
590 ## - LOCAL NOTE (RLIN)
Local note KA
651 #4 - SUBJECT ADDED ENTRY--GEOGRAPHIC NAME
Geographic name Scotland
Chronological subdivision 1999-
690 ## - LOCAL SUBJECT ADDED ENTRY--TOPICAL TERM (OCLC, RLIN)
Topical term or geographic name as entry element BUILT ENVIRONMENT-BUILDING TYPES-ANCIENT MONUMENTS AND HISTORIC BUILDINGS
856 40 - ELECTRONIC LOCATION AND ACCESS
Uniform Resource Identifier <a href="https://www.historic-scotland.gov.uk/publicationsresultsdetail.htm?id=4ed43d0cd">https://www.historic-scotland.gov.uk/publicationsresultsdetail.htm?id=4ed43d0cd</a>
Public note View the leaflet free of charge at www.historic-scotland.gov.uk...
942 ## - ADDED ENTRY ELEMENTS (KOHA)
Suppress in OPAC 0
Holdings
Withdrawn status Lost status Source of classification or shelving scheme Damaged status Not for loan Home library Current library Shelving location Date acquired Total Checkouts Full call number Barcode Date last seen Copy number Price effective from Koha item type
    Dewey Decimal Classification     Virtual Virtual Online 29/11/2011   ONLINE PUBLICATION 154416-1001 06/08/2019 1 06/08/2019 Book